000 00662nab a2200193 4500
001 244442
003 OSt
005 20251001081637.0
007 tu
008 200917s2020|||||||
040 _aDE-2950
_cDE-2950
245 0 0 _aAbschied nach 38 Jahren
_bPersonalie. Die Kita "Kinderland am Park" erlebt nach fast vier Jahrzehnten einen Führungswechsel. Christina Goldacker verabschiedet sich in die Rente/
_cOle Rockrohr
264 _c2025
653 _aFrankfurt (Oder)
653 _aKita "Kinderland am Park"
653 _aChristina Goldacker
773 0 _g36. Jahrgang (2025) Nr. 223 vom 24.09.2025, S. 13 mit Foto
_tMärkische Oderzeitung
942 _2z
_cA
999 _c374031
_d374031